Administración: una perspectiva global

Guardat en:
Dades bibliogràfiques
Autors principals: Koontz, Harold (Autor), Weihrich, Heinz (Autor)
Format: Llibre
Idioma:espanyol
Publicat: Ciudad de México McGraw Hill 1998
Edició:6a. ed
Matèries:
Etiquetes: Afegir etiqueta
Sense etiquetes, Sigues el primer a etiquetar aquest registre!

MARC

LEADER 00000nam a2200000 a 4500
001 UCP3627
003 CL-VaPUC
008 990702e19980000MX |||||||||||||||||spa|d
020 |a 9701020367 
082 0 4 |a 658  |b KOO  |2 21 
100 |a Koontz, Harold  |e author  |9 222211 
700 0 |a Weihrich, Heinz  |e author  |9 430992 
245 1 0 |a Administración: una perspectiva global 
250 |a 6a. ed 
300 |a 796 p 
942 |c BK 
945 |d 19990702 00:00:00  |a vberengu 
260 |a Ciudad de México  |b McGraw Hill  |c 1998 
650 0 |a Administración  |9 259325 
650 0 |a Gestión   |9 260993 
650 7 |a PLANIFICACION  |2 CL-VaPUC  |9 260802 
650 0 |a Organización  |9 256369 
650 0 |a Control  |9 330602 
650 7 |a DIRECCION  |2 CL-VaPUC  |9 358279 
650 7 |a ETICA ADMINISTRATIVA  |2 CL-VaPUC  |9 430993 
650 0 |a Toma de decisiones   |9 257530 
583 |a last modification  |c 20140528 12:13:57  |k Rodrigo Vera 
999 |c 281890  |d 281888 
952 |0 0  |1 0  |4 0  |6 658_000000000000000_KOO_1998  |7 0  |8 R  |9 322987  |a BIBING  |b BIBING  |d 2019-11-20  |i 3654494  |l 3  |m 1  |o 658 KOO 1998  |p 3654494  |q 2023-07-31  |r 2022-12-22  |s 2022-12-22  |w 2019-11-20  |y BK_R  |k EII 
952 |0 0  |1 0  |4 0  |6 658_000000000000000_KOO_1998  |7 0  |8 A  |9 322996  |a BIBGIM  |b BIBGIM  |d 2019-11-20  |i 3631389  |o 658 KOO 1998  |p 3631389  |r 2025-01-15  |w 2019-11-20  |y BK  |k GIM 
952 |0 0  |1 0  |4 0  |6 658_000000000000000_KOO_1998  |7 0  |8 A  |9 322998  |a BIBALI  |b BIBALI  |c RES  |d 2019-11-20  |i 3969045  |o 658 KOO 1998  |p 3969045  |r 2025-01-20  |w 2019-11-20  |y BK_R  |k ALI 
952 |0 0  |1 0  |4 0  |6 658_000000000000000_KOO_1998  |7 0  |8 A  |9 322999  |a BIBALI  |b BIBALI  |c RES  |d 2019-11-20  |i 3969053  |o 658 KOO 1998  |p 3969053  |r 2025-01-20  |w 2019-11-20  |y BK_R  |k ALI